Elementos de Física : obra adaptada al programa de peritos agricolas de 17 de noviembre de 1941

Gespeichert in:
Bibliographische Detailangaben
1. Verfasser: Gaspar Rodrigo, Baldomero .
Format: Buch
Sprache:Spanisch
Erschienen: Madrid : Instituto Editorial Reus, 1942
Katalog:MANES:  Suchergebnis im Bibliothekskatalog
Schulbuchspezifische Eigenschaften:
Schlagworte:
Tags: Tag hinzufügen
Keine Tags, Fügen Sie den ersten Tag hinzu!
Hinzugefügt zu:24.07.1990
Geändert in:07.05.2025

MARC

LEADER 00000cam a2200000 i 4500
005 20250507134546.0
008 900725s1942 espa fp 000 0 spa d
040 |a uned  |b spa  |c entro-manes 
100 1 |a Gaspar Rodrigo, Baldomero .  |9 40570 
245 1 0 |a Elementos de Física :   |b obra adaptada al programa de peritos agricolas de 17 de noviembre de 1941 /   |c redactada por Baldomero Gaspar Rodrigo 
260 |a Madrid :   |b Instituto Editorial Reus,   |c 1942 
300 |a 205 p. :   |b il. 
546 |a España 
561 |5 es-BUNED  |3 L.T. 2408  |a España. Fondo Manes UNED  |k MANES 
690 0 |a FQ 
650 7 |a Enseñanza superior 
942 |2 ddc  |c BK 
999 |c 97249  |d 97249 
999 |c manes:97249  |d 97249